[Event "39th Olympiad Men"]
[Site "Khanty-Mansiysk RUS"]
[Date "2010.09.29"]
[Round "8"]
[White "Bogner,S"]
[Black "McShane,L"]
[Result "1/2-1/2"]
[WhiteElo "2549"]
[BlackElo "2657"]

1.d4 Nf6 2.c4 g6 3.Nc3 Bg7 4.e4 d6 5.Nf3 O-O 6.Be2 c5 7.O-O Re8 8.Be3 b6
9.d5 e6 10.Nd2 Na6 11.Bf4 Nc7 12.Bg3 exd5 13.cxd5 Ba6 14.Bxa6 Nxa6 15.Qa4 Nb4
16.a3 Nd3 17.Qc2 Ne5 18.h3 Nh5 19.Bh2 g5 20.g3 g4 21.hxg4 Nxg4 22.Nf3 Qd7
23.a4 Nxh2 24.Nxh2 a6 25.Kg2 Kh8 26.Rh1 Rg8 27.Ne2 f5 28.exf5 Raf8 29.Ng4 Qxf5
30.Qxf5 Rxf5 31.Ne3 Re5 32.Nc3 Bf8 33.Nc4 Rf5 34.Rad1 Nf4+ 35.Kf1 Nh5 36.Kg2 Nf4+
37.Kf1 Nh5 38.Ke2 Nf6 39.Nxb6 Rg4 40.a5 Ne4 41.Rdf1 Bg7 42.Nd1 Rg6 43.Rh4 Re5
44.Ne3 Bf6 45.Rh3 Re7 46.Nbc4 Rb7 47.Kd3 Ng5 48.Rh5 Nf7 49.Kc2 Nh6 50.b3 Bd4
51.Nf5 Nxf5 52.Rxf5 Re7 53.Kd3 Kg7 54.Rb1 Kg8 55.Nd2 Rg4 56.b4 Bg7 57.bxc5 Rd4+
58.Kc2 Re2 59.Rb8+ Bf8 60.Rfxf8+ Kg7 61.Rg8+ Kh6 62.cxd6 Rexd2+ 63.Kc3 R2d3+
64.Kb2 Rd2+ 65.Ka3 Rxd5 66.Rb6 R2d3+ 67.Ka4 R3d4+ 68.Rb4 Rxd6 69.Rb8 Kg5
70.Rg8+ Kf5 71.Rxd4 Rxd4+ 72.Kb3 Rd5 73.Kb4 Rb5+ 74.Ka4 Rc5 75.Ra8 Rc6 76.Rb8 Rc2
77.Rb6 Ra2+ 78.Kb4 Rb2+ 79.Kc5 Rc2+ 80.Kb4 Rb2+ 81.Kc4 Rc2+ 82.Kd4 Rxf2 83.Ke3 Ra2
84.Rxa6 Ra3+ 85.Kf2 Ra2+ 86.Kf3 Ra3+ 87.Kf2 Ra2+ 88.Ke3 Ra3+ 89.Kd4 Rxg3
90.Rh6 Ra3 91.Rxh7 Ke6 92.a6 Kd6 93.Kc4 Kc6 94.Rh6+ Kc7 95.Kb5 Rb3+ 96.Kc5 Rc3+
97.Kb4 Rc1 98.a7 Rb1+ 99.Kc5 Rc1+ 100.Kb5 Rb1+ 101.Kc4 Rc1+ 102.Kb3 Ra1 103.Rh7+ Kb6
104.a8=N+ Rxa8  1/2-1/2

[Event "39th Olympiad Men"]
[Site "Khanty-Mansiysk RUS"]
[Date "2010.10.01"]
[Round "10"]
[White "McShane,L"]
[Black "Giri,A"]
[Result "1/2-1/2"]
[WhiteElo "2657"]
[BlackElo "2677"]

1.e4 e5 2.Nf3 Nf6 3.Nxe5 d6 4.Nf3 Nxe4 5.Nc3 Nxc3 6.dxc3 Be7 7.Bf4 Nc6 8.Qd2 Be6
9.O-O-O Qd7 10.Kb1 a6 11.h3 h6 12.Nd4 Nxd4 13.cxd4 d5 14.Bd3 O-O-O 15.Rhe1 Rhe8
16.Re2 Bf5 17.Bxf5 Qxf5 18.Rde1 Bb4 19.Qxb4 Rxe2 20.Rxe2 Qxf4 21.a3 Qd6 22.Qe1 Rf8
23.Re5 Kd7 24.Qa5 c6 25.Re3 Re8 26.Qb6 Qb8 27.Rb3 Kc8 28.Rg3 g6 29.Qb4 Qc7
30.Qd2 h5 31.Rf3 Kb8 32.g4 hxg4 33.hxg4 Ka7 34.g5 Re4 35.Rf6 Re6 36.Rf3 Qe7
37.Qc3 f6 38.gxf6 Rxf6 39.Re3 Qd6 40.f3 Re6 41.Re5 Rf6 42.a4 Rf8 43.a5 Ka8
44.Ka2 Qf6 45.Re3 Qd6 46.Qb3 Qf4 47.Qc3 g5 48.Re6 Rb8 49.Rg6 Rf8 50.Re6 Rb8
51.Qd3 Rf8 52.Qa3 Rb8 53.Qc3 g4 54.fxg4 Qxg4 55.Re1 Qg6 56.Qc5 Qf5 57.Ka3 Qf2
58.Qc3 Qf8+ 59.Ka2 Qf2 60.Re6 Qf8 61.Re5 Qf1 62.b3 Qf2 63.Kb2 Qf4 64.Re3 Qf6
65.Rf3 Qg7 66.Qc5 Rd8 67.Re3 Qh8 68.Re7 Qf8 69.Rd7 Qg8 70.Rc7 Rc8 71.Rxc8+ Qxc8
72.c4 Qe6 73.cxd5 Qxd5 74.Qxd5 cxd5 75.Ka3 b6 76.Kb4 Kb7 77.axb6 Kxb6 78.Ka4 a5
79.b4 axb4 80.Kxb4  1/2-1/2

[Event "Schachbundesliga 2010-11"]
[Site "Bremen GER"]
[Date "2010.10.08"]
[Round "7"]
[White "Jugelt,T"]
[Black "McShane,L"]
[Result "1-0"]
[WhiteElo "2409"]
[BlackElo "2657"]

1.d4 Nf6 2.Bf4 d6 3.e3 Nbd7 4.h3 b6 5.Qf3 Rb8 6.e4 c5 7.d5 b5 8.Nd2 a6 9.g4 g6
10.Be2 Bg7 11.Qg2 Nb6 12.Rb1 Na4 13.Bd1 Nd7 14.c3 Ndb6 15.Ne2 b4 16.Qg3 Bd7
17.O-O Qc7 18.Bb3 a5 19.Rfc1 O-O 20.a3 bxa3 21.bxa3 c4 22.Bc2 Nc5 23.Nd4 Ba4
24.Bxa4 Nbxa4 25.Rxb8 Rxb8 26.Nc6 Nd3 27.Rc2 Nxc3 28.Nxc4 Nxf4 29.Qxf4 Rb3
30.N6xa5 Rb1+ 31.Kg2 Qc5 32.Qf3 Nb5 33.Ne5 Bxe5 34.Rxc5 dxc5 35.Qd3 Nc3 36.Nc6 Rd1
37.Qe3 Bd4 38.Qh6 Bg7 39.Qf4 Bf8 40.Qf3 Rc1 41.e5 c4 42.Nd8  1-0

[Event "Schachbundesliga 2010-11"]
[Site "Bremen GER"]
[Date "2010.10.10"]
[Round "2"]
[White "McShane,L"]
[Black "Polzin,R"]
[Result "1/2-1/2"]
[WhiteElo "2657"]
[BlackElo "2494"]

1.g3 g6 2.Bg2 Bg7 3.d4 c5 4.d5 d6 5.Nc3 b5 6.Nxb5 Qa5+ 7.Nc3 Bxc3+ 8.bxc3 Qxc3+
9.Bd2 Qc4 10.Nh3 Nf6 11.O-O O-O 12.Re1 Bf5 13.c3 Nbd7 14.Nf4 Ne5 15.e4 Bd7
16.Bf1 Qa4 17.Qxa4 Bxa4 18.Kg2 c4 19.f3 Rfb8 20.Bc1 g5 21.Nh3 g4 22.fxg4 Nfxg4
23.Nf2 Nxf2 24.Kxf2 Rb5 25.h3 Bc2 26.Ke3 Bd3 27.Bg2 Rab8 28.g4 Rb1 29.Ba3 Rxa1
30.Rxa1 Rb1 31.Rxb1 Bxb1 32.Bb4 Bxa2 33.Ba5 f6 34.Bf3 Bb3 35.Be2 Bc2 36.h4 h6
37.Kd4 Bd3 38.Bd1 Ng6 39.h5 Ne5 40.Ke3 Nf7 41.Bc7 Ng5 42.Bf3 Kf7 43.Kf4 e5+
44.Ke3 Ke7 45.Ba5 Bc2 46.Bb4 Bd3 47.Ba5 Nf7 48.Bd1 Nd8 49.Bb4 Nb7 50.Ba3 a5
51.Bf3 Nd8 52.Bc1 Nf7 53.Ba3 Ng5 54.Bc1 Bc2 55.Ba3 Kd7 56.Bc1 Kc7 57.Ba3 Nf7
58.Be2 Bb3 59.Bf3 Kb6 60.Kd2 Ba4 61.Be2 Bd7 62.Bd1 Kc7 63.Bc1 Ng5 64.Ke3 Bb5  1/2-1/2

[Event "Schachbundesliga 2010-11"]
[Site "Griesheim GER"]
[Date "2010.11.13"]
[Round "3"]
[White "McShane,L"]
[Black "Tazbir,M"]
[Result "1/2-1/2"]
[WhiteElo "2657"]
[BlackElo "2523"]

1.e4 c6 2.Nf3 d5 3.Nc3 Bg4 4.h3 Bxf3 5.Qxf3 e6 6.d3 Nd7 7.a3 g6 8.g3 Bg7
9.Bg2 Ne7 10.O-O O-O 11.Bg5 h6 12.Bd2 b5 13.h4 d4 14.Nd1 h5 15.Qe2 Nf6 16.f4 Rc8
17.Nf2 c5 18.a4 b4 19.b3 Kh7 20.Bf3 Rh8 21.Kg2 Bh6 22.Rh1 Qc7 23.Nh3 Kg7
24.Ng5 Bxg5 25.hxg5 Nd7 26.Rh3 Rh7 27.Rah1 Rch8 28.R1h2 Qd8 29.Be1 Qb8 30.Bd2 Qc7
31.Qe1 Kg8 32.Qh1 Nf8 33.Kf2 Qc8 34.Ke2 Qc7 35.Kd1 Qc8 36.Re2 Kg7 37.Bg2 Kg8
38.Rh2 Qd7 39.Bh3 Qe8 40.Kc1 Nc6 41.Kb2 Nd8 42.Ref2 h4 43.gxh4 Rxh4 44.Rf3 R4h5
45.Qf1 R8h7 46.Re2 Nc6 47.Bg2 Nd7 48.Ref2 Nf8 49.Qc1 Rh2 50.Be1 Rh8 51.Re2 R2h5
52.Rf1 Qe7 53.Bf3 Rh3 54.Bg2 R3h5 55.Bf2 Nd7 56.Kb1 e5 57.Bf3 Rh2 58.Bg3 Rxe2
59.Bxe2 Rh3 60.Qe1 exf4 61.Bxf4 Qe6 62.Rh1 c4 63.Rxh3 Qxh3 64.dxc4 Qg2 65.Bd3 Nc5
66.Qe2 Qg1+ 67.Kb2 Ne6 68.Bd2 a5 69.Qf1 Qh2 70.Qe2 Qg1 71.Qf1 Qg3 72.c5 Nxc5
73.Bc4 Ne5 74.Bd5 Qh2 75.Kc1 d3 76.cxd3 Ncxd3+ 77.Kc2 Nf3 78.Kxd3 Qxd2+ 79.Kc4 Qf4
80.Kc5 Qc7+ 81.Kb5 Nd4+ 82.Ka6 Qd6+ 83.Kxa5 Qc5+ 84.Ka6 Qd6+ 85.Ka5  1/2-1/2

[Event "2nd London Chess Classic"]
[Site "London ENG"]
[Date "2010.12.09"]
[Round "2"]
[White "Short,N"]
[Black "McShane,L"]
[Result "0-1"]
[WhiteElo "2680"]
[BlackElo "2645"]

1.e4 c5 2.Nf3 d6 3.d4 cxd4 4.Nxd4 Nf6 5.Nc3 g6 6.Be3 Bg7 7.f3 O-O 8.Qd2 Nc6
9.g4 Be6 10.Nxe6 fxe6 11.O-O-O Rc8 12.Bc4 Qd7 13.Bb3 Na5 14.h4 Nc4 15.Qd3 Qc6
16.Ne2 Nd7 17.Nd4 Qa6 18.f4 e5 19.fxe5 Nxe5 20.Qe2 Kh8 21.h5 gxh5 22.g5 Ng4
23.Bg1 Nce3 24.Qxa6 bxa6 25.Bxe3 Nxe3 26.Rd3 Bxd4 27.Rxd4 Rc5 28.Rd3 Ng2
29.Rg3 Nf4 30.Kd2 Re5 31.Re1 Kg7 32.Ke3 Kg6 33.c3 Rxg5 34.Rxg5+ Kxg5 35.Rg1+ Kh6
36.e5 dxe5 37.Ke4 Ng6 38.Bc4 a5 39.Kd5 Rf2 40.b4 axb4 41.cxb4 h4 42.a4 h3
43.a5 h2 44.Rh1 Kg5 45.b5 Kg4 46.b6 axb6 47.a6 Kg3 48.a7 Rf8 49.Kc6 Nf4 50.Ra1 e4
51.Ba6 Nh3 52.Bb7 Ng1  0-1

[Event "2nd London Chess Classic"]
[Site "London ENG"]
[Date "2010.12.15"]
[Round "7"]
[White "Howell,D"]
[Black "McShane,L"]
[Result "1/2-1/2"]
[WhiteElo "2611"]
[BlackElo "2645"]

1.e4 c5 2.Nf3 d6 3.d4 cxd4 4.Nxd4 Nf6 5.Nc3 g6 6.Be3 Bg7 7.f3 O-O 8.Qd2 Nc6
9.O-O-O d5 10.exd5 Nxd5 11.Nxc6 bxc6 12.Bd4 Bxd4 13.Qxd4 Qb6 14.Na4 Qa5 15.b3 Qc7
16.h4 Bf5 17.g4 Be6 18.Nc5 Rad8 19.Bc4 Bc8 20.h5 e5 21.Qf2 Qe7 22.Ne4 g5
23.h6 Kh8 24.Qc5 Qxc5 25.Nxc5 f5 26.gxf5 Rxf5 27.Rhe1 Rxf3 28.Rxe5 g4 29.Ne4 Rdf8
30.Bxd5 cxd5 31.Ng5 R3f6 32.Re7 Rg6 33.Rxd5 g3 34.Rf7 Re8 35.Re5 Rd8 36.Rd5 Re8
37.Re5 Rd8 38.Rd5  1/2-1/2

[Event "Schachbundesliga 2010-11"]
[Site "Wattenscheid GER"]
[Date "2011.02.05"]
[Round "8"]
[White "McShane,L"]
[Black "Bogner,S"]
[Result "1-0"]
[WhiteElo "2657"]
[BlackElo "2549"]

1.e4 c5 2.Nc3 d6 3.Nge2 Nf6 4.g3 Nc6 5.Bg2 g6 6.d3 Bd7 7.Be3 Bg7 8.h3 Qc8
9.g4 h5 10.g5 Nh7 11.h4 Nf8 12.Ng3 Ne5 13.f3 Ne6 14.Qd2 Nd4 15.O-O Bh3 16.Nd5 Bxg2
17.Kxg2 e6 18.Nf6+ Bxf6 19.gxf6 Ndc6 20.Bg5 Qc7 21.c3 Qa5 22.Qc2 Qb6 23.Ne2 O-O-O
24.d4 Nd7 25.d5 exd5 26.exd5 Nce5 27.c4 Qa6 28.b3 b5 29.cxb5 Qxb5 30.Rad1 Kb8
31.Nc3 Qa6 32.Rfe1 Rc8 33.Re3 Ka8 34.Qe2 Qb6 35.Re4 Rc7 36.Ra4 Nb8 37.Bf4 Re8
38.Qb5 Nbd7 39.Ra6 Qb7 40.Qxb7+ Rxb7 41.Rxd6 Rb4 42.Bg3 c4 43.Re1  1-0

[Event "Schachbundesliga 2010-11"]
[Site "Wattenscheid GER"]
[Date "2011.02.06"]
[Round "9"]
[White "Janssen,Ru"]
[Black "McShane,L"]
[Result "1-0"]
[WhiteElo "2498"]
[BlackElo "2657"]

1.c4 g6 2.Nc3 c5 3.g3 Nc6 4.Bg2 Bg7 5.Nf3 Nh6 6.d4 cxd4 7.Bxh6 Bxh6 8.Nxd4 Bg7
9.e3 O-O 10.O-O d6 11.Bxc6 bxc6 12.Nxc6 Qd7 13.Nd4 Bb7 14.Qd3 Rac8 15.Rad1 Rfd8
16.e4 a6 17.b3 e6 18.Rfe1 Qc7 19.Nde2 Qa5 20.h4 Rd7 21.Qe3 Rdd8 22.Kf1 Bf8
23.Rd3 Be7 24.Qd2 Qc7 25.Rd1 Bc6 26.Kg1 Be8 27.Nd4 Qb7 28.f3 Qc7 29.Kg2 Rb8
30.Qh6 Rdc8 31.Qd2 Rb6 32.Qe3 Bf8 33.Qd2 Qb7 34.Qe3 Rc5 35.Qf2 Qc8 36.Qe2 Qc7
37.Qf2 Rb8 38.Qe2 Bd7 39.Qd2 Be8 40.Qe3 Be7 41.Qf2 Rd8 42.Kh2 Bf8 43.f4 h5
44.f5 Qe7 45.Rf1 Re5 46.Nf3 Rc5 47.Nd4 Re5 48.Nf3 Rc5 49.fxe6 fxe6 50.e5 Rcc8
51.Ng5 Bg7 52.exd6 Rxd6 53.Rxd6 Qxd6 54.Nce4 Qd3 55.Nf6+ Kh8 56.Nxe6 Bc6
57.Nxg7 Kxg7 58.Qa7+ Kf8 59.Nd5+ Kg8 60.Qf7+ Kh8 61.Qf6+ Kh7 62.Qe7+ Kh6
63.Rf7 Qd2+ 64.Kh3 Rh8 65.Qf6 Rg8 66.Qxc6 Qd1 67.Ne3 Qe2 68.Nf5+  1-0

[Event "Schachbundesliga 2010-11"]
[Site "Bremen GER"]
[Date "2011.02.26"]
[Round "10"]
[White "McShane,L"]
[Black "Golod,V"]
[Result "1/2-1/2"]
[WhiteElo "2657"]
[BlackElo "2591"]

1.e4 e5 2.Nf3 Nc6 3.Bc4 Bc5 4.d3 Nf6 5.c3 a6 6.Bb3 Ba7 7.h3 d6 8.Nbd2 O-O
9.Nf1 d5 10.Qe2 Be6 11.Ng3 dxe4 12.dxe4 Bxb3 13.axb3 Ne8 14.Nd2 Qd7 15.Nc4 Rd8
16.b4 Nd6 17.Nxd6 Qxd6 18.Nf5 Qe6 19.Qg4 Qg6 20.Nh4 Qf6 21.O-O h6 22.Nf5 Kh7
23.Qe2 Bb6 24.Be3 Ne7 25.Bxb6 cxb6 26.Ne3 Qc6 27.Qc2 b5 28.Rad1 Kg8 29.Rd3 Rxd3
30.Qxd3 Ng6 31.Rd1 Nf4 32.Qc2 Qc8 33.Rd6 Rd8 34.Qd1 Ne6 35.Nf5 Rxd6 36.Qxd6 Qc7
37.Qxc7 Nxc7 38.Nd6 b6 39.Nc8 Na8 40.Ne7+ Kf8 41.Nf5 h5 42.h4 Nc7 43.f3 Ne6
44.g3 a5 45.Kf2 axb4 46.cxb4 g6 47.Nd6 Nc7 48.f4 Ke7 49.Nc8+ Kd7 50.Nxb6+ Kc6
51.Nc8 Kd7 52.Na7 f6 53.g4 hxg4 54.f5 gxf5 55.exf5 e4 56.h5 Ke8 57.Nc6 Nd5
58.Nd4 Nxb4 59.b3 Nd5 60.Nxb5 e3+ 61.Ke2 Nf4+  1/2-1/2

[Event "Schachbundesliga 2010-11"]
[Site "Delmenhorst GER"]
[Date "2011.03.19"]
[Round "12"]
[White "Bok,B"]
[Black "McShane,L"]
[Result "0-1"]
[WhiteElo "2453"]
[BlackElo "2657"]

1.e4 e5 2.Nf3 Nc6 3.Bb5 Nf6 4.O-O Nxe4 5.Re1 Nd6 6.Nxe5 Be7 7.Bf1 Nf5 8.Nf3 d5
9.d4 O-O 10.c3 Bd6 11.Bd3 h6 12.Nbd2 Qf6 13.Nf1 Be6 14.Ne3 Nxe3 15.fxe3 Bf5
16.Qc2 Bxd3 17.Qxd3 Rae8 18.Qb5 Qe6 19.Kh1 Nd8 20.b3 a6 21.Qa4 f6 22.Ba3 Nf7
23.Nd2 Qf5 24.Bxd6 Nxd6 25.Qa5 Rf7 26.Nf1 Rfe7 27.Qb4 Qe6 28.Rac1 Ne4 29.Kg1 c6
30.Qa5 Qf5 31.c4 h5 32.cxd5 cxd5 33.Re2 h4 34.Rc7 Kh7 35.Rxe7 Rxe7 36.h3 Ng3
37.Nxg3 hxg3 38.Qd2 Qe4 39.Qd1 f5 40.Kf1 f4 41.Rc2 g6 42.exf4 Qxf4+ 43.Qf3 Qxd4
44.Rc1 Qe5 45.Rd1 Kg7 46.Qd3 Qf6+ 47.Qf3 Qe6 48.Qd3 Kh7 49.Rc1 Rf7+ 50.Kg1 Qb6+
51.Kh1 Qf2 52.Rg1 Re7 53.Qc3 d4 54.Qb4 Rc7 55.Rd1 Kh6 56.a4 Rc2 57.Qxb7 Re2
58.Qb4  0-1

[Event "Schachbundesliga 2010-11"]
[Site "Baden-Baden GER"]
[Date "2011.04.09"]
[Round "14"]
[White "McShane,L"]
[Black "Adams,Mi"]
[Result "0-1"]
[WhiteElo "2657"]
[BlackElo "2728"]

1.Nf3 Nf6 2.g3 d5 3.Bg2 c6 4.c4 dxc4 5.O-O Nbd7 6.Qc2 Nb6 7.Na3 Be6 8.Ng5 Bg4
9.f3 Bh5 10.Nxc4 e5 11.d3 Nxc4 12.Qxc4 Be7 13.Ne4 Nd5 14.Nf2 f6 15.Kh1 Qb6
16.a3 Rd8 17.Qh4 Bg6 18.Nd1 f5 19.Bg5 Bxg5 20.Qxg5 O-O 21.f4 exf4 22.Bxd5+ cxd5
23.Qxf4 Bh5 24.Rf2 Rde8 25.Qd2 d4 26.Rc1 Re5 27.Kg1 Rfe8 28.b4 h6 29.Qa2+ Kh7
30.Rc2 Qd6 31.Kf1 b5 32.Qb2 a6 33.Kg1 Bg4 34.Kg2 Qd5+ 35.Kg1 Qd6 36.Kg2 R8e7
37.Qa2 Qd7 38.Kf1 R5e6 39.Qb2 f4 40.gxf4 Qb7 41.Kg1 Rg6 42.Rg2 Bh3 43.Rxg6 Kxg6
44.f5+ Kh7 45.Kf2 Qh1 46.e4 Qf1+ 47.Kg3 Qxd3+  0-1

[Event "London League 2010-11"]
[Site "London ENG"]
[Date "2011.04.18"]
[Round "11"]
[White "Conquest,S"]
[Black "McShane,L"]
[Result "0-1"]
[WhiteElo "2529"]
[BlackElo "2683"]

1.e4 c5 2.b3 g6 3.Bb2 Nf6 4.e5 Nd5 5.g3 Bg7 6.Bg2 Nc7 7.f4 d6 8.Nf3 Nc6 9.O-O O-O
10.Qe1 Bg4 11.d3 Qd7 12.Nbd2 d5 13.Qf2 b6 14.Rfe1 d4 15.Nc4 f6 16.a4 Nd5
17.Qf1 g5 18.Bc1 h6 19.Bd2 Rae8 20.Kh1 Ncb4 21.Rac1 Kh8 22.Qe2 Na2 23.Ra1 Nac3
24.Qf1 Be6 25.exf6 exf6 26.Rac1 Qc7 27.Ng1 Bg8 28.Qf3 Qd7 29.Bh3 Qd8 30.Bg2 a6
31.Qh5 Bf7 32.Rxe8 Bxe8 33.Qh3 b5 34.axb5 axb5 35.Nb2 Bd7 36.Qh5 Qe8 37.Qf3 g4
38.Qf2 f5 39.Ra1 Bc6 40.Nd1 b4 41.h4 Rf7 42.Kh2 Re7 43.Nb2 Ne3 44.Bxc6 Qxc6
45.Bc1 Bf6 46.Ra5  0-1

[Event "4NCL 2010-11"]
[Site "Hinkley Island ENG"]
[Date "2011.05.02"]
[Round "11.11"]
[White "McShane,L"]
[Black "Adams,Mi"]
[Result "1/2-1/2"]
[WhiteElo "2645"]
[BlackElo "2723"]

1.e4 e5 2.Nf3 Nc6 3.Bb5 a6 4.Ba4 Nf6 5.O-O Be7 6.Bxc6 dxc6 7.d3 Nd7 8.b3 O-O
9.Bb2 Bf6 10.Nc3 Re8 11.Ne2 c5 12.Nd2 b6 13.Kh1 Nf8 14.f4 exf4 15.Bxf6 Qxf6
16.Nxf4 Ng6 17.Nd5 Qd8 18.Nc4 Be6 19.Nce3 c6 20.Nc3 Ra7 21.a4 Rd7 22.Qh5 Qe7
23.Ne2 h6 24.Ng3 Qg5 25.Qe2 b5 26.axb5 axb5 27.Nef5 Nh4 28.Qf2 c4 29.Nxh4 Qxh4
30.bxc4 bxc4 31.d4 Qg5 32.c3 Rb7 33.Ra6 Qb5 34.Ra2 Qg5 35.Ra6 Qb5 36.Rfa1 Rb6
37.R6a2 Reb8 38.h4 R6b7 39.Qf4 Qb6 40.Nh5 Qc7 41.e5 Qc8 42.Rf1 Bg4 43.Ng3 Be6
44.Nh5 Bg4 45.Ng3 Be6 46.Ne4 Rb1 47.Rf2 Bd5 48.Rxb1 Rxb1+ 49.Kh2 Bxe4 50.Qxe4 Rb3
51.Qf3 Qc7 52.Re2 Qe7 53.g3 Qd7 54.Ra2 Qb7 55.Rf2  1/2-1/2

[Event "3rd London Chess Classic"]
[Site "London ENG"]
[Date "2011.12.04"]
[Round "2"]
[White "McShane,L"]
[Black "Carlsen,M"]
[Result "1/2-1/2"]
[WhiteElo "2671"]
[BlackElo "2826"]

1.e4 e5 2.Nf3 Nc6 3.Bb5 a6 4.Ba4 Nf6 5.O-O b5 6.Bb3 Bc5 7.c3 d6 8.a4 Rb8
9.d4 Bb6 10.axb5 axb5 11.Qd3 O-O 12.Bg5 h6 13.Bxf6 Qxf6 14.Qxb5 Na7 15.Qa4 Qg6
16.Re1 Bh3 17.g3 Qf6 18.Nbd2 Rbd8 19.Qc4 g5 20.Qd3 Bg4 21.Nc4 Nc6 22.Nxb6 cxb6
23.Re3 Kg7 24.Kg2 h5 25.h3 Bd7 26.Ba4 Ra8 27.Bxc6 Bxc6 28.Rxa8 Rxa8 29.Qc4 Rc8
30.Qa6 Rb8 31.d5 Bd7 32.h4 g4 33.Nd2 Qd8 34.Qa3 Qc7 35.Re1 b5 36.Ra1 b4 37.cxb4 Bb5
38.Qe3 f6 39.Qc3 Qb7 40.b3 Kg6 41.Rc1 Qb6 42.Kg1 Be2 43.Qc6 Qd8 44.Nc4 Rxb4
45.Nxd6 Rb6 46.Qc2 Qxd6 47.Qxe2 Rxb3 48.Rd1 Rb4 49.Qc2 Rb8 50.Qc3 Ra8 51.Qc6 Rd8
52.Rb1 Qd7 53.Kg2 Qd6 54.Rb3 Qd7 55.Rb1 Qd6 56.Rb3 Qd7 57.Qa6 Qc8 58.Qd3 Qc5
59.Rc3 Qb4 60.Rc4 Qe1 61.Qc3 Qxc3 62.Rxc3 Ra8 63.Rd3 Kf7 64.f3 Ra2+ 65.Kf1 Ra1+
66.Kf2 Ra2+ 67.Kf1 Ra1+ 68.Ke2 Ra2+ 69.Rd2 gxf3+ 70.Ke1 Ra4 71.d6 Rxe4+ 72.Kf2 Ke8
73.Kxf3 Ra4 74.d7+ Kd8 75.Rd6 f5 76.Re6 Ra3+ 77.Kf2 e4 78.Rd6 Rf3+ 79.Kg2 f4
80.gxf4 Rxf4 81.Kg3 Rf3+ 82.Kg2 Rf4 83.Kg3 Rf3+  1/2-1/2

[Event "Bundesliga 2012-13"]
[Site "Bremen GER"]
[Date "2012.11.10"]
[Round "3"]
[White "Adams,Mi"]
[Black "McShane,L"]
[Result "1/2-1/2"]
[WhiteElo "2720"]
[BlackElo "2713"]

1.e4 e5 2.Nf3 Nc6 3.Bb5 Nf6 4.O-O Nxe4 5.Re1 Nd6 6.Nxe5 Be7 7.Bf1 Nxe5 8.Rxe5 O-O
9.Nc3 Bf6 10.Re1 Nf5 11.Nd5 d6 12.c3 Be6 13.Nf4 Bd7 14.d4 c6 15.g3 g6 16.h4 Bg7
17.Bd2 Qb6 18.Qc2 Rae8 19.Bd3 Nh6 20.Rxe8 Rxe8 21.Re1 Rxe1+ 22.Bxe1 Bf5 23.Qe2 Qd8
24.Bd2 d5 25.Kg2 Bf8 26.h5 Bc8 27.hxg6 hxg6 28.Qe1 Bf5 29.f3  1/2-1/2

[Event "Bundesliga 2012-13"]
[Site "Bremen GER"]
[Date "2012.11.11"]
[Round "4"]
[White "McShane,L"]
[Black "Erdos,V"]
[Result "1/2-1/2"]
[WhiteElo "2713"]
[BlackElo "2637"]

1.e4 e5 2.Nf3 Nc6 3.Bb5 a6 4.Ba4 Nf6 5.O-O Nxe4 6.d4 b5 7.Bb3 d5 8.dxe5 Be6
9.Nbd2 Be7 10.c3 O-O 11.Re1 Nc5 12.Nd4 Nxd4 13.cxd4 Nd3 14.Re3 Nxc1 15.Rxc1 a5
16.Nf3 Rc8 17.Rec3 a4 18.Bc2 g6 19.Bd3 b4 20.Rc6 Bd7 21.R6c2 b3 22.axb3 axb3
23.Re2 Bg4 24.Qxb3 Rb8 25.Qd1 Bxf3 26.gxf3 Rb4 27.Bb1 Bg5 28.Rc6 Bf4 29.Rf6 Bg5
30.Rc6 Qd7 31.Rc3 Bf4 32.Kg2 Qe7 33.h3 Ra8 34.b3 Qg5+ 35.Kf1 Qh4 36.Kg2 Qg5+
37.Kf1 Ra1 38.Rd3 Qf5 39.Kg2 Qg5+ 40.Kf1 Qf5 41.Kg2 Kg7 42.Re1 Rb6 43.Qc2 Rba6
44.Red1 Qg5+ 45.Kf1 Qf5 46.Kg2 Qg5+ 47.Kf1 Qf5 48.Kg2  1/2-1/2

[Event "4th London Chess Classic"]
[Site "London ENG"]
[Date "2012.12.04"]
[Round "4.3"]
[White "McShane,L"]
[Black "Aronian,L"]
[Result "0-1"]
[WhiteElo "2713"]
[BlackElo "2815"]

1.e4 e5 2.Nf3 Nc6 3.Bb5 a6 4.Ba4 Nf6 5.O-O Be7 6.d3 b5 7.Bb3 d6 8.a4 Bd7
9.c3 O-O 10.Nbd2 Na5 11.Bc2 c5 12.Re1 Re8 13.Nf1 Nc6 14.Ne3 b4 15.h3 Rb8
16.Nc4 Be6 17.Bb3 h6 18.Be3 bxc3 19.bxc3 d5 20.exd5 Nxd5 21.Qc2 e4 22.dxe4 Nxe3
23.Rxe3 Rxb3 24.Qxb3 Na5 25.Nxa5 Bxb3 26.Nxb3 Qb6 27.Nbd2 Qb2 28.Rae1 Rd8
29.Nf1 c4 30.Ne5 Bc5 31.Rf3 Qb3 32.a5 Rd6 33.Nxf7 Rf6 34.Rxf6 gxf6 35.Nxh6+ Kf8
36.Ng4 Qxc3 37.Rd1 Qb4 38.Nxf6 Kf7 39.Nd5 Qb2 40.Nde3 c3 41.Rd5 Be7 42.Rf5+ Ke8
43.g4 c2 44.Nxc2 Qxc2 45.Ng3 Qc7 46.Nh5 Bd8 47.Kg2 Qc6 48.Re5+ Kf7 49.g5 Qa4
50.h4 Bxa5 51.Rf5+ Ke6 52.Nf4+ Kd7 53.f3 Qc2+ 54.Kh3 Qf2 55.Kg4 Be1 56.Ng6 a5
57.Rf7+ Kd8 58.e5 a4 59.e6 Bb4 60.e7+ Bxe7 61.Nxe7 Qc5 62.Kh5 a3 63.Kh6 a2
64.g6 Qc4 65.Nf5 a1=Q 66.Rf8+ Kc7 67.g7 Qc6+ 68.Kh7 Qxf3 69.g8=N Qh5+ 70.Ngh6 Qe5
71.Ng7 Qxh4 72.Rf7+ Kb6 73.Nf5 Qee4 74.Kg6 Qe6+ 75.Kg7 Qg5+ 76.Kf8 Qc8+  0-1

[Event "Bundesliga 2012-13"]
[Site "Emsdetten GER"]
[Date "2013.02.02"]
[Round "7"]
[White "Buhmann,R"]
[Black "McShane,L"]
[Result "0-1"]
[WhiteElo "2584"]
[BlackElo "2713"]

1.Nf3 Nf6 2.c4 c6 3.d4 b5 4.cxb5 cxb5 5.e3 a6 6.Bd3 Bb7 7.O-O e6 8.a4 bxa4
9.Nc3 Nc6 10.Nxa4 Nb4 11.Bb1 a5 12.Nc3 Be7 13.e4 O-O 14.Re1 d6 15.Bg5 Nd7
16.Bxe7 Qxe7 17.Na2 Nxa2 18.Rxa2 Rfc8 19.Qd2 Qd8 20.Bd3 Nf6 21.Ra3 h6 22.Qe2 Qb6
23.h3 d5 24.e5 Ne4 25.Rea1 Bc6 26.b3 Nc3 27.Qd2 Bd7 28.Kh2 Kf8 29.Qe1 Qb4
30.Qe3 Nd1 31.Qe2 Nc3 32.Qe3 Kg8 33.g4 Ne4 34.g5 h5 35.g6 fxg6 36.Bxe4 dxe4
37.Ng5 Rc3 38.Qxe4 Rf8 39.R1a2 Rf5 40.h4 Bc6 41.d5 Bxd5 42.Qxb4 axb4 43.Ra7 Rf4
44.f3 Rxh4+ 45.Kg1 Rxf3 46.Nxf3 Bxf3 47.R2a6 Bd5 48.Rd6 Bxb3 49.Rdd7 Kh7  0-1

[Event "Bundesliga 2012-13"]
[Site "Emsdetten GER"]
[Date "2013.02.03"]
[Round "8"]
[White "McShane,L"]
[Black "Bologan,V"]
[Result "1/2-1/2"]
[WhiteElo "2713"]
[BlackElo "2695"]

1.e4 e5 2.Nf3 Nc6 3.Bb5 a6 4.Ba4 Nf6 5.d3 b5 6.Bb3 Bc5 7.c3 d6 8.Nbd2 h6
9.O-O O-O 10.Re1 Bb6 11.Nf1 Ne7 12.h3 Ng6 13.Ng3 Be6 14.d4 c5 15.Bxe6 fxe6
16.dxe5 Nxe5 17.Nxe5 dxe5 18.c4 Ba5 19.Rf1 Qxd1 20.Rxd1 bxc4 21.Bd2 Bxd2
22.Rxd2 Rfd8 23.Rc2 Rd4 24.f3 Nd7 25.Nf1 Nb6 26.Kf2 a5 27.Ne3 h5 28.Rac1 Rb8
29.Kg3 Kf7 30.Nxc4 Nxc4 31.Rxc4 Rxb2 32.Rxc5 h4+ 33.Kxh4 Rxg2 34.Rc8 Rd7
35.R8c2 g5+ 36.Kh5 Rg3 37.Rc7 Rxc7 38.Rxc7+ Kf6 39.Rc8 Rxh3+ 40.Kg4 Rh2 41.a4 Rg2+
42.Kh3 Ra2 43.Rc4 Ra1 44.Kg3 Ke7 45.Rc7+ Kd6 46.Ra7 Rxa4 47.Kg4 Ra3 48.Ra6+ Ke7
49.Kxg5 Rxf3 50.Rxa5 Kd6 51.Ra6+ Kc5 52.Rxe6 Kd4 53.Ra6 Kxe4 54.Ra4+ Ke3
55.Ra3+ Kf2 56.Ra2+ Kg3  1/2-1/2

[Event "Bundesliga 2012-13"]
[Site "Bremen GER"]
[Date "2013.02.23"]
[Round "9"]
[White "Fridman,D"]
[Black "McShane,L"]
[Result "1/2-1/2"]
[WhiteElo "2670"]
[BlackElo "2713"]

1.d4 d5 2.c4 c6 3.cxd5 cxd5 4.Bf4 Nc6 5.e3 Nf6 6.Nc3 a6 7.Bd3 Bg4 8.Nge2 e6
9.O-O Be7 10.Rc1 Bh5 11.Bg3 O-O 12.f3 Bg6 13.Nf4 Rc8 14.Na4 Nd7 15.Bxg6 hxg6
16.Nd3 Nb4 17.Nxb4 Bxb4 18.a3 Be7 19.Qd2 Rc4 20.b4 Nb6 21.Nb2 Rc8 22.Rxc8 Qxc8
23.Rc1 Nc4 24.Qc3 b5 25.Nd3 Qc6 26.Nc5 Ra8 27.Qd3 a5 28.Be1 Bg5 29.f4 Be7
30.Rc2 Ra7 31.Re2 Bxc5 32.dxc5 axb4 33.Bxb4 Qa8 34.e4 Rd7 35.Qd4 Qc6 36.h3 Qc7
37.Rf2 dxe4 38.Qxe4 Rd5 39.Kh2 Qa7 40.Rf3 Qd7 41.Rg3 Kh7 42.Rg5 f5 43.Qe1 Rd1
44.Qh4+ Kg8 45.Qf2 Kf7 46.Rg3 Qd5 47.Bc3 Nd2 48.Bxd2 Rxd2 49.Qe3 Rc2 50.c6 Qxc6
51.Qa7+ Qc7 52.Qxc7+ Rxc7 53.Rb3 Rc5 54.h4 Ke7 55.g3 Kd6 56.Kh3 Rd5 57.Rb1 Kc6
58.Re1 Rd6 59.Re3 Kb6 60.h5 gxh5 61.Kh4 Kc5 62.Kxh5 Kc4 63.Kg6 Rd3 64.Rxd3 Kxd3
65.Kxg7 Kc4 66.Kf6 Kb3 67.Kxe6 Kxa3 68.g4 fxg4 69.f5 g3 70.f6 g2 71.f7 g1=Q
72.f8=Q+ b4 73.Qa8+ Kb2 74.Qh8+ Kb3 75.Qe5 Qg6+ 76.Ke7 Qd3 77.Kf8 Ka2 78.Qa5+ Qa3
79.Qd5+ b3+ 80.Kg8 Qa4 81.Kh8 Qe8+ 82.Kg7 Qe3 83.Kg8 Kb2 84.Qg2+ Kc1 85.Qf1+ Kd2
86.Qg2+ Ke1 87.Qh1+ Kf2 88.Qb1 Qe6+ 89.Kf8 Qc8+ 90.Ke7 Qc2 91.Qh1 Qc7+ 92.Ke6 Qb6+  1/2-1/2

[Event "Bundesliga 2012-13"]
[Site "Bremen GER"]
[Date "2013.02.24"]
[Round "10"]
[White "McShane,L"]
[Black "Volokitin,And"]
[Result "1/2-1/2"]
[WhiteElo "2713"]
[BlackElo "2724"]

1.e4 c5 2.Nf3 d6 3.d4 cxd4 4.Nxd4 Nf6 5.Nc3 a6 6.Be3 Ng4 7.Bc1 Nf6 8.Be3 Ng4
9.Bg5 h6 10.Bh4 g5 11.Bg3 Bg7 12.Be2 h5 13.Bxg4 hxg4 14.Nd5 Nc6 15.Nf5 Bxb2
16.Rb1 Ba3 17.O-O Bc5 18.Rb3 e6 19.Qa1 f6 20.Nxf6+ Kf7 21.Nxd6+ Bxd6 22.Nxg4 e5
23.Qd1 Bc5 24.Qf3+ Kg6 25.Rd1 Qe7 26.Rxb7 Bxg4 27.Qxg4 Qxb7 28.Qe6+ Kh5 29.Qh3+ Kg6
30.Qf5+ Kh5 31.Qh3+ Kg6 32.Qf5+  1/2-1/2

[Event "Bundesliga 2012-13"]
[Site "Schwetzingen GER"]
[Date "2013.04.05"]
[Round "13"]
[White "Giri,A"]
[Black "McShane,L"]
[Result "1/2-1/2"]
[WhiteElo "2730"]
[BlackElo "2713"]

1.d4 d5 2.c4 c6 3.Nc3 Nf6 4.e3 a6 5.Nf3 b5 6.b3 Bg4 7.Be2 e6 8.h3 Bh5 9.g4 Bg6
10.Ne5 Bb4 11.Bd2 Bxc3 12.Bxc3 Ne4 13.Rc1 Nd7 14.Nxd7 Qh4 15.Rh2 Kxd7 16.Kf1 h5
17.Be1 Qf6 18.f4 hxg4 19.Bxg4 Bf5 20.cxd5 exd5 21.Qf3 Qe6 22.Rhc2 Rac8 23.Bxf5 Qxf5
24.Qg4 Nd6 25.Kg2 Rh6 26.Qxf5+ Nxf5 27.Bf2 Rch8 28.Rh1 Nd6 29.Be1 Ne4 30.h4 f6
31.Kf3 g5 32.Rg1 Rf8 33.Bb4 Rf7 34.Rgc1 g4+ 35.Kxg4 Rg7+ 36.Kf3 Rxh4 37.Be1 Rh3+
38.Ke2 Rg2+ 39.Kd3 Rhh2 40.Rxg2 Rxg2 41.a4 Rb2 42.axb5 Rxb3+ 43.Kc2 Rxe3
44.bxc6+ Kxc6 45.Ra1 Kb6 46.Rb1+ Ka7 47.Ra1 Kb6 48.Rb1+ Ka7 49.Ra1 Re2+ 50.Kb3 Kb6
51.Ba5+ Kb5 52.Bd8 Re3+ 53.Kb2 Re2+ 54.Kb3 Re3+ 55.Kb2 Rf3 56.Ra5+ Kc4 57.Ra4+ Kb5
58.Ra5+ Kc4 59.Ra4+ Kd3 60.Ra3+ Ke2 61.Ra5 Nf2 62.Bxf6 Nd1+ 63.Kc1 Rc3+ 64.Kb1 Rc6
65.Be7 Kd3 66.Ra3+ Kxd4 67.f5 Ke5 68.f6 Ke6 69.Rf3 Kf7 70.Rd3 Nc3+ 71.Kb2 Na4+
72.Kb3 Nc5+ 73.Bxc5 Rxc5 74.Rf3 Rc7 75.Kb4 Ke6 76.Rf1 Rc4+ 77.Ka5 Rc8 78.Kxa6 Rf8
79.Kb5 Rxf6 80.Re1+ Kd6 81.Kb4 Rf3 82.Re2 Rh3 83.Re1 Rg3 84.Re2 Rh3  1/2-1/2